Statistics for Super Smash Bros. Brawl Characters (Brawl Only)

Click here to take the quiz!

General Stats

  • This quiz has been taken 2,192 times
  • The average score is 31 of 37

Answer Stats

Answer% Correct
Mario
99%
Luigi
98%
Peach
96%
Link
95%
Bowser
94%
Zelda
93%
Kirby
92%
Pikachu
90%
Donkey Kong
89%
Fox
89%
Falco
88%
Meta Knight
87%
Pokemon Trainer
87%
Samus
87%
Wario
87%
Diddy Kong
86%
Ganondorf
85%
Ike
85%
Marth
85%
Ness
85%
Solid Snake
85%
King Dedede
84%
Sheik
84%
Lucario
83%
Lucas
83%
Jigglypuff
82%
Sonic
82%
Wolf
82%
Yoshi
82%
Toon Link
81%
Captain Falcon
80%
Pit
77%
Mr. Game and Watch
75%
Zero Suit Samus
75%
Ice Climbers
72%
R.O.B
70%
Olimar
68%

Score Distribution

Percentile by Number Answered

Percent of People with Each Score

Your Score History

You have not taken this quiz